[Event "Ch Denmark (qual)"]
[Site "masterchessopen.com Lyngby (Denmark)"]
[Round "0"]
[White "Hansen Sune Berg (DEN)"]
[Black "Greger Roland (DEN)"]
[Result "1-0"]
[WhiteElo "2566"]
[BlackElo "2370"]

1.d4 Nf6 2.c4 e6 3.Nc3 Bb4 4.e3 b6 5.Ne2 Ba6 6.Ng3 Bxc3+ 7.bxc3 d6 8.Bd3 c5
9.e4 Qc7 10.Qa4+ Qc6 11.Qc2 Nbd7 12.O-O cxd4 13.cxd4 Rc8 14.Ba3 b5 15.cxb5
Qxc2 16.Bxc2 Bxb5 17.Rfc1 d5 18.Bd3 Bc4 19.e5 Ng8 20.Bxc4 Rxc4 21.Ne4 {#r} 1-0

[Event "It (open)"]
[Site "masterchessopen.com Zaragoza (Spain)"]
[Round "1"]
[White "Gavin Roche Enrique (ESP)"]
[Black "Franco Ocampos Zenon (PAR)"]
[Result "0-1"]
[WhiteElo "2253"]
[BlackElo "2490"]

1.d4 Nf6 2.c4 e6 3.Nc3 Bb4 4.e3 b6 5.Ne2 Ba6 6.a3 Bxc3+ 7.Nxc3 d5 8.b3 O-O
9.Be2 Nc6 10.cxd5 Bxe2 11.Qxe2 exd5 12.O-O Re8 13.Qc2 Qd7 14.Bd2 Rac8 15.Rac1
Nd8 16.Na4 Ne4 17.Rfd1 Ne6 18.Qc6 Qxc6 19.Rxc6 Nxd4 20.exd4 Nxd2 21.Nc3 Nxb3
22.Nxd5 Nxd4 23.Rxc7 Rxc7 24.Nxc7 Rd8 25.Kf1 Ne6 26.Rxd8+ Nxd8 27.Ke2 Kf8
28.Kd3 Ke7 29.Kc4 Kd7 30.Nb5 Nc6 31.Kd5 a6 32.Nc3 Ne7+ 33.Kc4 Kc6 34.a4 Nf5
35.g4 Nd6+ 36.Kb4 a5+ 37.Kb3 Kc5 {#R} 0-1

[Event "It"]
[Site "masterchessopen.com Altensteig (Germany)"]
[Round "1"]
[White "Sadler Matthew (ENG)"]
[Black "Brunner Lucas (SUI)"]
[Result "0-1"]
[WhiteElo "2515"]
[BlackElo "2490"]

1.d4 Nf6 2.c4 e6 3.Nc3 Bb4 4.e3 b6 5.Ne2 Ba6 6.Ng3 Bxc3+ 7.bxc3 d5 8.Qf3 O-O
9.cxd5 Qxd5 10.e4 Qa5 11.Be2 Bxe2 12.Nxe2 Nbd7 13.O-O c5 14.Ng3 cxd4 15.cxd4
Rac8 16.e5 Nd5 17.Qg4 Kh8 18.Nh5 Rg8 19.Qf3 f5 20.exf6 N7xf6 21.Nxf6 Nxf6
22.Bf4 Qf5 23.Rfe1 Nd5 24.Bg3 Qxf3 25.gxf3 Rge8 26.Re5 Kg8 27.Rae1 Kf7 28.Rh5
Nf6 29.Rb5 Rc4 30.Be5 Nd5 31.Rb2 Rec8 32.Ree2 Rc1+ 33.Kg2 g5 34.Bg3 h5 35.Rbd2
b5 36.h4 gxh4 37.Bh2 Rg8+ 38.Kh3 Rc3 39.Kxh4 Rxf3 40.Be5 Ne7 41.Bg3 Ng6+
42.Kxh5 Nf4+ 43.Kh4 Nxe2 44.Rxe2 b4 45.Rd2 Rd8 46.Be5 a5 47.Kg4 Rc3 {#R} 0-1

[Event "It (open)"]
[Site "masterchessopen.com Biel (Switzerland)"]
[Round "0"]
[White "Maric Alisa (SRB)"]
[Black "Polaczek Richard (BEL)"]
[Result "1-0"]
[WhiteElo "2390"]
[BlackElo "2377"]

1.d4 Nf6 2.c4 e6 3.Nc3 Bb4 4.e3 b6 5.Ne2 Ba6 6.a3 Bxc3+ 7.Nxc3 d5 8.b3 O-O
9.Be2 Nc6 10.a4 dxc4 11.bxc4 e5 12.d5 Na5 13.Ba3 Re8 14.Nb5 Qd7 15.O-O c6
16.dxc6 Qxc6 17.Qc2 Nb7 18.Rac1 Rec8 19.Qb2 Qe6 20.Rfd1 Nc5 21.a5 Ne8 22.Rd5
Bb7 23.Rxe5 Qg6 24.f3 Nd3 25.Bxd3 Qxd3 26.Qd4 Qxd4 27.exd4 Rd8 28.d5 Rd7
29.Rce1 Nf6 30.Re7 {#r} 1-0

[Event "Ch Asian Cities (team)"]
[Site "masterchessopen.com Dubai (United Arab Emirates)"]
[Round "0"]
[White "Reilly Tim (AUS)"]
[Black "Aung Thant Zin (MYA)"]
[Result "1-0"]
[WhiteElo "2266"]
[BlackElo "2284"]

1.d4 Nf6 2.c4 e6 3.Nc3 Bb4 4.e3 b6 5.Ne2 Ba6 6.Ng3 O-O 7.Bd3 Bxc3+ 8.bxc3 Nc6
9.e4 e5 10.Be3 d6 11.O-O Bc8 12.h3 Ne8 13.Qd2 Bd7 14.f4 f6 15.Rf3 Qe7 16.Raf1
Rd8 17.Qf2 Bc8 18.Bc2 Na5 19.fxe5 dxe5 20.dxe5 Qxe5 21.Bd4 Qe6 22.e5 c5
23.exf6 cxd4 24.f7+ Kh8 25.fxe8=Q Rfxe8 26.cxd4 Qxc4 27.Nh5 g6 28.Rf7 Bf5
29.Rxf5 gxf5 30.Qxf5 Qxd4+ 31.Kh1 Qd7 32.Qf6+ Kg8 33.Rf3 {#r} 1-0

[Event "Ch Austria (1/2 final)"]
[Site "masterchessopen.com Hartberg (Austria)"]
[Round "0"]
[White "Nickl Klaus (AUT)"]
[Black "Theuretzbacher Klaus (AUT)"]
[Result "0-1"]
[WhiteElo "2144"]
[BlackElo "2234"]

1.d4 Nf6 2.c4 e6 3.Nc3 Bb4 4.e3 b6 5.Ne2 Ba6 6.a3 Be7 7.Nf4 d5 8.cxd5 Bxf1
9.Kxf1 Nxd5 10.Qf3 c6 11.g3 Nd7 12.Kg2 Rc8 13.Rd1 Nxf4+ 14.Qxf4 O-O 15.e4 Nf6
16.Qf3 Qd7 17.Bf4 Rfd8 18.h4 Qb7 19.Rd2 Rd7 20.Rad1 Rcd8 21.g4 Ne8 22.h5 f6
23.e5 fxe5 24.dxe5 Rxd2 25.Rxd2 Rxd2 26.Bxd2 Qd7 27.Be3 Nc7 28.g5 Qe8 29.Qg4
g6 30.h6 Qd7 31.Qg3 Qd3 32.f4 Bxa3 33.Qf3 Bxb2 34.Ne4 Nd5 35.Nf6+ Kf7 36.Kf2
Nxe3 37.Qxe3 Bd4 {#R} 0-1

[Event "It (open)"]
[Site "masterchessopen.com Meudon (France)"]
[Round "7"]
[White "De Lagontrie Jean (FRA)"]
[Black "Chaplin Erik (FRA)"]
[Result "0-1"]
[WhiteElo "1891"]
[BlackElo "2083"]

1.d4 Nf6 2.c4 e6 3.Nc3 Bb4 4.e3 b6 5.Ne2 Ba6 6.a3 Be7 7.Ng3 O-O 8.Bd3 d5 9.b3
c5 10.O-O dxc4 11.bxc4 Nc6 12.Nge2 Rc8 13.Qa4 Na5 14.Nb5 Qd7 15.Rb1 cxd4
16.exd4 e5 17.dxe5 Qxd3 18.exf6 Bxf6 19.Be3 Bxb5 20.cxb5 Qxe2 21.Rfe1 Qc4
22.Qd1 Rfd8 23.Qf3 Qd5 24.Qe2 Qd3 25.Qf3 Qxa3 26.h3 Nc4 27.Qb7 Nd6 28.Qf3 Qa4
29.Qh5 g6 30.Qf3 Bg7 31.Bg5 Re8 32.Rxe8+ Rxe8 33.Qc6 Qe4 {#R} 0-1

[Event "It (open)"]
[Site "masterchessopen.com Balatonbereny (Hungary)"]
[Round "0"]
[White "Lugovoi Aleksei (RUS)"]
[Black "Eismont Oleg (RUS)"]
[Result "1-0"]
[WhiteElo "2531"]
[BlackElo "2415"]

1.d4 Nf6 2.c4 e6 3.Nc3 Bb4 4.e3 b6 5.Ne2 Ba6 6.a3 Bxc3+ 7.Nxc3 d5 8.b3 O-O
9.Be2 dxc4 10.bxc4 Nc6 11.a4 Qd7 12.Nb5 Na5 13.Bd2 c6 14.Na3 Nb7 15.O-O c5
16.Bc3 cxd4 17.exd4 Rac8 18.Nb5 Na5 19.d5 Ne4 20.Bxa5 bxa5 21.Qd4 Nc5 22.dxe6
Qxd4 23.exf7+ Rxf7 24.Nxd4 Bb7 25.Nb5 Re7 26.Bg4 Rd8 27.Rfd1 Rxd1+ 28.Rxd1
Nxa4 29.Rd8+ Kf7 30.f4 Nc5 31.Nd6+ Kg6 32.h4 Be4 33.h5+ Kh6 34.Re8 {#r} 1-0

[Event "Ch World (juniors) (under 18)"]
[Site "masterchessopen.com Bratislava (Slovakia)"]
[Round "1"]
[White "Casoy Gaspar (ARG)"]
[Black "Yemelin Vasily (RUS)"]
[Result "0-1"]
[WhiteElo "2374"]
[BlackElo "2568"]

1.d4 Nf6 2.c4 e6 3.Nc3 Bb4 4.e3 b6 5.Ne2 Ba6 6.Qb3 c5 7.a3 Bxc3+ 8.Nxc3 O-O
9.dxc5 bxc5 10.Be2 d5 11.O-O Nc6 12.cxd5 Bxe2 13.Nxe2 exd5 14.Rd1 Rb8 15.Qc2
Qe7 16.b4 Rfc8 17.Qxc5 Qd7 18.Bb2 Nxb4 19.Qa5 Nc6 20.Qc3 Ne7 21.Qd2 Ne4 22.Qd4
Nf6 23.Ng3 Rc2 24.Bc3 Rb3 25.Be1 Rc4 26.Qd2 h5 27.Rdb1 Rxb1 28.Rxb1 h4 29.Ne2
h3 30.Rb8+ Kh7 31.Rb4 Qg4 32.Ng3 hxg2 33.Rxc4 dxc4 34.Kxg2 Ng6 35.Qe2 Nh4+
36.Kh1 Qh3 37.Qf1 Qxf1+ 38.Nxf1 Nf3 39.Bc3 Ne4 40.Bb2 c3 41.Bc1 Ne1 42.a4 Nd3
43.Ba3 c2 44.f3 Nc3 45.Nd2 Nb1 {#R} 0-1

[Event "Ch World (juniors) (under 20)"]
[Site "masterchessopen.com Buenos Aires (Argentina)"]
[Round "0"]
[White "Littke Adam (CAN)"]
[Black "Rodriguez Andres (URU)"]
[Result "0-1"]
[WhiteElo "2310"]
[BlackElo "2505"]

1.d4 Nf6 2.c4 e6 3.Nc3 Bb4 4.e3 b6 5.Ne2 Ba6 6.Ng3 O-O 7.e4 d6 8.Bd2 c5 9.d5
exd5 10.cxd5 Bxf1 11.Kxf1 Re8 12.f3 a6 13.Nf5 g6 14.Nh6+ Kg7 15.Bg5 Nbd7 16.h4
Bxc3 17.bxc3 Qc7 18.g4 Ng8 19.Nxg8 Kxg8 20.h5 f6 21.hxg6 fxg5 22.Rxh7 Qd8
23.Kf2 Ne5 24.Qh1 Qf6 25.g7 Qg6 26.Rh6 Qxg7 27.Qh5 Rf8 28.Ke2 Rf6 {#R} 0-1

[Event "It (open)"]
[Site "masterchessopen.com Cappelle la Grande (France)"]
[Round "6"]
[White "Markotic Gordan (CRO)"]
[Black "Arkell Keith C (ENG)"]
[Result "0-1"]
[WhiteElo "2287"]
[BlackElo "2409"]

1.d4 Nf6 2.c4 e6 3.Nc3 Bb4 4.e3 b6 5.Ne2 Ba6 6.Ng3 O-O 7.e4 d5 8.Bg5 dxe4
9.Nxe4 Nbd7 10.Qa4 Bxc3+ 11.bxc3 Bb7 12.Bd3 h6 13.Bh4 g5 14.Nxf6+ Nxf6 15.Bg3
Bxg2 16.Rg1 Bf3 17.h4 Ng4 18.Be2 Bxe2 19.Kxe2 e5 20.dxe5 Qe8 21.Qxe8 Rfxe8
22.hxg5 hxg5 23.Bf4 gxf4 24.Rxg4+ Kf8 25.Rxf4 Rxe5+ 26.Kd3 Rd8+ 27.Rd4 Rxd4+
28.cxd4 Rf5 29.Ke3 Ra5 30.a4 a6 31.Kd3 b5 32.Kc3 Rxa4 33.Rxa4 bxa4 34.Kb4 c5+
35.dxc5 Ke7 36.Kxa4 Kd7 37.Ka5 Kc6 38.Kxa6 f5 {#R} 0-1

[Event "Oberliga NRW 1992/93"]
[Site "masterchessopen.com Germany"]
[Round "0"]
[White "Kitte Sebastian (GER)"]
[Black "Klein Volker (GER)"]
[Result "1-0"]
[WhiteElo "2261"]
[BlackElo "2219"]

1.d4 Nf6 2.c4 e6 3.Nc3 Bb4 4.e3 b6 5.Ne2 Ba6 6.a3 Be7 7.Nf4 d5 8.cxd5 Bxf1
9.Kxf1 exd5 10.g4 g5 11.Nh5 Nxh5 12.gxh5 c6 13.Qf3 Na6 14.e4 Nc7 15.Be3 Qd7
16.Rg1 O-O-O 17.exd5 Nxd5 18.Bxg5 f6 19.Bh4 Rhg8 20.Rc1 Rxg1+ 21.Kxg1 Kb7
22.Bg3 f5 23.Nxd5 Qxd5 24.Qxd5 Rxd5 25.Re1 Bd8 26.Be5 b5 27.Re3 Ka6 28.Rc3 Kb7
29.f4 Bb6 30.Rg3 Bxd4+ 31.Kg2 Bxe5 32.fxe5 Rxe5 33.Rg7+ Kb6 34.Rxh7 Re2+
35.Kg3 Rxb2 36.h6 Rd2 37.h4 Rd6 38.h5 c5 39.Rg7 Rd8 40.h7 Rh8 41.Kf4 c4 42.Kg5
c3 43.Kh6 a5 44.Rg6+ Kc5 45.Rg8 c2 46.Rxh8 c1=Q+ 47.Kg6 Kb6 48.Rf8 Qg1+ 49.Kf7
{#r} 1-0

[Event "It"]
[Site "masterchessopen.com Goteborg (Sweden)"]
[Round "3"]
[White "Jelling Erik (DEN)"]
[Black "Kretz Johan (SWE)"]
[Result "1-0"]
[WhiteElo "2400"]
[BlackElo "2225"]

1.d4 e6 2.c4 Nf6 3.Nc3 Bb4 4.e3 b6 5.Ne2 Ba6 6.a3 Be7 7.Ng3 Nc6 8.b4 Bb7 9.d5
exd5 10.cxd5 Ne5 11.Nf5 O-O 12.Be2 a5 13.Rb1 Re8 14.e4 d6 15.O-O Bf8 16.f4 Ng6
17.Bf3 axb4 18.axb4 c6 19.dxc6 Bxc6 20.Qd3 Qd7 21.g3 Rad8 22.Bb2 b5 23.Nd5
Bxd5 24.exd5 Rb8 25.Bd4 Ne7 26.Ne3 Qb7 27.Rf2 Nd7 28.Ra2 Ra8 29.Rba1 Rxa2
30.Rxa2 Rc8 31.Ra7 Rc1+ 32.Kg2 Qc8 33.Qxb5 Nf6 34.Qd3 h5 35.b5 Nexd5 36.Nxd5
Nxd5 37.Bxd5 Rc2+ 38.Kf1 Rxh2 39.Kg1 Rc2 40.Rxf7 Rc1+ 41.Kg2 Rc2+ 42.Bf2 {#r}
1-0

[Event "It"]
[Site "masterchessopen.com Gstaad (Switzerland)"]
[Round "0"]
[White "Gyimesi Zoltan (HUN)"]
[Black "Leutwyler Martin (SUI)"]
[Result "1-0"]
[WhiteElo "2395"]
[BlackElo "2122"]

1.d4 Nf6 2.c4 e6 3.Nc3 Bb4 4.e3 b6 5.Ne2 Ba6 6.Qa4 Qe7 7.a3 Bxc3+ 8.Nxc3 O-O
9.Be2 d5 10.O-O Qd7 11.Qxd7 Nbxd7 12.b3 c5 13.cxd5 Bxe2 14.Nxe2 Nxd5 15.e4 Ne7
16.Be3 cxd4 17.Bxd4 Nc6 18.b4 Nxd4 19.Nxd4 Rfc8 20.Rac1 Ne5 21.b5 Kf8 22.a4
Nd3 23.Rxc8+ Rxc8 24.Nc6 Nc5 25.Ra1 Nxe4 26.a5 bxa5 27.Nxa7 Rb8 28.Rxa5 Nd6
29.f4 Ra8 30.b6 Rb8 31.Ra6 Ke8 32.Nc6 Rb7 33.Ra8+ Kd7 34.Ne5+ Ke7 35.Ra7 Kd8
36.Rxb7 Nxb7 37.Nxf7+ Kc8 38.Kf2 h6 39.Ke3 Nc5 40.Kd4 Nd7 41.Nd6+ Kb8 42.Ne4
Nxb6 43.Ke5 Nd5 44.g3 Nc7 45.Nc5 Kc8 46.Kd6 {#r} 1-0

[Event "It (open)"]
[Site "masterchessopen.com Ikaria (Greece)"]
[Round "1"]
[White "Frantzeskakis Kostas"]
[Black "Inkiov Ventzislav (BUL)"]
[Result "0-1"]
[WhiteElo "2165"]
[BlackElo "2465"]

1.c4 e6 2.d4 Nf6 3.Nc3 Bb4 4.e3 b6 5.Ne2 Ba6 6.a3 Be7 7.Nf4 d5 8.cxd5 Bxf1
9.Kxf1 Nxd5 10.e4 Nxc3 11.bxc3 O-O 12.g3 c5 13.Kg2 cxd4 14.cxd4 Bf6 15.Be3 Nc6
16.Ne2 Qd7 17.Qd3 Rfd8 18.Rhd1 Nxd4 19.Bxd4 e5 20.Nc3 exd4 21.Nd5 Rac8 22.Rac1
Rc5 23.Rc4 Rxc4 24.Qxc4 Qe6 25.Qd3 g6 26.Rc1 Bg7 27.Rc7 Re8 28.Rxa7 f5 29.f3
fxe4 30.fxe4 h5 31.Rb7 Qxe4+ 32.Qxe4 Rxe4 33.Rxb6 d3 34.Nf4 d2 {#R} 0-1

[Event "It (b)"]
[Site "masterchessopen.com Lublin (Poland)"]
[Round "8"]
[White "Kluss Kai (GER)"]
[Black "Bjerring Kai (DEN)"]
[Result "1-0"]
[WhiteElo "2150"]
[BlackElo "2298"]

1.d4 e6 2.c4 Nf6 3.Nc3 Bb4 4.e3 b6 5.Ne2 Ba6 6.a3 Bxc3+ 7.Nxc3 d5 8.b3 O-O
9.Bd3 dxc4 10.bxc4 c5 11.d5 exd5 12.cxd5 Bxd3 13.Qxd3 Nc6 14.O-O Ne5 15.Qc2 c4
16.e4 Qc7 17.h3 a6 18.Be3 b5 19.f4 Nd3 20.Qe2 Qd7 21.Qf3 Rfc8 22.Bd4 Ne8 23.e5
Nc7 24.d6 Rab8 25.Kh1 Ne6 26.Be3 Qb7 27.Nd5 Kh8 28.f5 Nf8 29.f6 g6 30.Bh6 Nxe5
31.Bg7+ Kg8 32.Ne7+ Qxe7 33.fxe7 Nxf3 34.exf8=Q+ Rxf8 35.Bxf8 Nd2 36.Be7 Nxf1
37.Rxf1 Rb7 38.Bf6 Rd7 39.Re1 Kf8 40.Be7+ Kg7 41.Re5 f5 42.Rc5 Kf7 43.a4 b4
44.Rxc4 a5 45.Rc5 Ke6 46.Rxa5 {#r} 1-0

[Event "It"]
[Site "masterchessopen.com Tel Aviv (Israel)"]
[Round "5"]
[White "Mashian Yaacov (ISR)"]
[Black "Soffer Ram (ISR)"]
[Result "0-1"]
[WhiteElo "2273"]
[BlackElo "2488"]

1.d4 Nf6 2.c4 e6 3.Nc3 Bb4 4.e3 b6 5.Ne2 Ba6 6.a3 Bxc3+ 7.Nxc3 d5 8.Qf3 c6
9.b3 O-O 10.Bb2 Bb7 11.Bd3 c5 12.dxc5 Nbd7 13.Na4 dxc4 14.Bxh7+ Nxh7 15.Qxb7
Nxc5 16.Nxc5 bxc5 17.O-O Qd3 18.Rfc1 Rab8 19.Qxa7 Rxb3 20.Be5 Qd5 21.Qc7 Rd3
22.a4 f6 23.Bc3 Ng5 24.a5 Ne4 25.Be1 c3 26.a6 Nd2 27.Bxd2 cxd2 28.Rd1 c4
29.Ra5 Qe4 30.Rc5 Rc3 31.Qd6 Rd3 32.Qc7 c3 33.Rxc3 Qa4 34.Rc2 Qa1 {#R} 0-1

[Event "It (open)"]
[Site "masterchessopen.com Werfen (Austria)"]
[Round "8"]
[White "Supatashvili Khvicha (GEO)"]
[Black "Braun Peter (GER)"]
[Result "1-0"]
[WhiteElo "2450"]
[BlackElo "2203"]

1.d4 Nf6 2.c4 e6 3.Nc3 Bb4 4.e3 b6 5.Ne2 Ba6 6.a3 Be7 7.Nf4 O-O 8.e4 d6 9.d5
e5 10.Nh3 c5 11.f3 Ne8 12.Be3 Bc8 13.g4 Bh4+ 14.Kd2 g6 15.Rg1 Bf6 16.Kc2 Na6
17.Qd2 Nac7 18.Ng5 a6 19.h4 Bd7 20.h5 Bxg5 21.Bxg5 f6 22.Bh6 g5 23.Bxf8 Kxf8
24.b4 b5 25.Qf2 cxb4 26.axb4 bxc4 27.Bxc4 Qb8 28.Rgb1 Qb7 29.Ra5 Rc8 30.Kd2 h6
31.Qe3 Rb8 32.Be2 Qc8 33.Ke1 Qb7 34.Kf2 Rc8 35.Rb3 Rb8 36.Bd3 Rc8 37.Kg3 Rb8
38.Rb1 Qc8 39.b5 axb5 40.Nxb5 Nxb5 41.Bxb5 Qd8 42.Qa7 Nc7 43.Bd3 Ra8 44.Qb6
Rxa5 45.Qxa5 {#r} 1-0

[Event "Verbandsliga North 1993/94"]
[Site "masterchessopen.com Baden (Germany)"]
[Date "1993.10.17"]
[Round "2"]
[White "Biebinger Gerhard (GER)"]
[Black "Florea Dan (GER)"]
[Result "1-0"]
[WhiteElo "2289"]
[BlackElo "2304"]

1.d4 Nf6 2.c4 e6 3.Nc3 Bb4 4.e3 b6 5.Ne2 Ba6 6.a3 Be7 7.Nf4 c6 8.Bd3 d5 9.cxd5
Bxd3 10.Qxd3 cxd5 11.O-O O-O 12.Rd1 Nc6 13.b4 Qd7 14.f3 Rfd8 15.Nfe2 Rac8
16.Bd2 Qb7 17.Be1 Ne8 18.Bg3 Bf6 19.Ra2 Nd6 20.Bxd6 Rxd6 21.Rc2 a6 22.b5 axb5
23.Nxb5 Rdd8 24.Rdc1 Be7 25.Rc3 Qd7 26.Kf2 Na5 27.Rc7 Qe8 28.Rxc8 Rxc8 29.Rxc8
Qxc8 30.e4 dxe4 31.fxe4 Nc4 32.a4 e5 33.d5 Bc5+ 34.Kf3 h5 35.h3 Qd8 36.Qxc4
Qf6+ 37.Kg3 h4+ 38.Kh2 Qf1 39.Qc2 Kh7 40.d6 Bf2 41.Qd2 f5 42.exf5 e4 43.Nbc3
e3 44.Qc2 Kh6 45.d7 g5 46.fxg6 {#r} 1-0

[Event "Czech League 1994/95 (2nd) (a)"]
[Site "masterchessopen.com Czech Republic"]
[Round "1"]
[White "Suran Jan (CZE)"]
[Black "Novotny Jaroslav (CZE)"]
[Result "0-1"]
[WhiteElo "2145"]
[BlackElo "2046"]

1.d4 Nf6 2.c4 e6 3.Nc3 Bb4 4.e3 b6 5.Ne2 Ba6 6.a3 Bxc3+ 7.Nxc3 d5 8.cxd5 Bxf1
9.Kxf1 exd5 10.Qf3 O-O 11.g4 Re8 12.g5 Ne4 13.Rg1 c5 14.Rg4 Nc6 15.Nxe4 dxe4
16.Rxe4 cxd4 17.Bd2 Qd7 18.Rc1 dxe3 19.Rxe8+ Rxe8 20.Bxe3 Ne5 21.Rd1 Qb5+
22.Qe2 Qc6 23.Qh5 Nc4 24.Kg1 Nxe3 25.fxe3 Qc5 26.Rd3 Rxe3 27.Rxe3 Qxe3+ 28.Kg2
Qd2+ 29.Kh3 Qd3+ 30.Kg2 Qc2+ 31.Kh3 Qb3+ 32.Kh4 Qxb2 33.Qf3 Qxh2+ 34.Kg4 Qb8
35.Qd3 b5 36.Qc3 g6 37.Kh3 Qd8 38.Qc5 Qd3+ 39.Kg2 Qf5 40.Qe3 a5 41.Qd2 Qe5
42.Kh3 b4 {#R} 0-1

[Event "Ch France (team)"]
[Site "masterchessopen.com France"]
[Round "9"]
[White "Gervais Claire (FRA)"]
[Black "Roos Celine (FRA)"]
[Result "1-0"]
[WhiteElo "2118"]
[BlackElo "2160"]

1.d4 Nf6 2.c4 e6 3.Nc3 Bb4 4.e3 b6 5.Ne2 Ba6 6.Ng3 Bb7 7.a3 Bxc3+ 8.bxc3 O-O
9.Bd3 d5 10.O-O Nbd7 11.f3 c5 12.cxd5 Nxd5 13.Qc2 h6 14.e4 Ne7 15.Be3 cxd4
16.cxd4 Rc8 17.Qd2 Nf6 18.Kh1 Ng6 19.e5 Nh7 20.Ne4 Bxe4 21.Bxe4 Re8 22.Qd3
Nhf8 23.Qa6 Qe7 24.Rac1 Rxc1 25.Rxc1 Rd8 26.Qa4 Rb8 27.Qb4 Qxb4 28.axb4 a5
29.bxa5 bxa5 30.Ra1 Ne7 31.Rxa5 Rb3 32.Bg1 f5 33.Bc2 Rc3 34.Rc5 Ra3 35.h4 Nd5
36.Bxf5 Nf4 37.Be4 Ra1 38.Kh2 Ne2 39.Bf2 Rd1 40.d5 exd5 41.Bxd5+ {#r} 1-0

[Event "It (open)"]
[Site "masterchessopen.com Moscow (Russia)"]
[Round "9"]
[White "Moskalenko Viktor (UKR)"]
[Black "Utemov Vladimir (RUS)"]
[Result "1-0"]
[WhiteElo "2520"]
[BlackElo "2385"]

1.d4 Nf6 2.c4 e6 3.Nc3 Bb4 4.e3 b6 5.Ne2 Ba6 6.a3 Be7 7.Nf4 d5 8.cxd5 Bxf1
9.Kxf1 Nxd5 10.Ncxd5 exd5 11.Qf3 c6 12.b4 a6 13.Bb2 Nd7 14.Rc1 Rc8 15.g3 O-O
16.Kg2 b5 17.e4 dxe4 18.Qxe4 Bg5 19.Rxc6 Rxc6 20.Qxc6 Bxf4 21.gxf4 Nb6 22.Re1
Nc4 23.Bc3 Nxa3 24.d5 Nc4 25.Bd4 Qh4 26.d6 Qxf4 27.Bc5 Ne5 28.Qe4 Qxe4+
29.Rxe4 Nd7 30.Re7 Rd8 31.Kf3 a5 32.Ke4 a4 33.Kd5 a3 34.Rxd7 Rxd7 35.Kc6 a2
36.Bd4 Ra7 37.d7 Ra8 38.Kc7 f6 39.d8=Q+ Rxd8 40.Kxd8 Kf7 41.Kd7 g5 42.Kc6 f5
43.Kxb5 h5 44.Kc6 g4 45.b5 {#r} 1-0

[Event "Ch Netherlands (team)"]
[Site "masterchessopen.com Netherlands"]
[Round "3"]
[White "Kohler Aran (NED)"]
[Black "Van Der Linde Meindert (NED)"]
[Result "1-0"]
[WhiteElo "2255"]
[BlackElo "2134"]

1.d4 Nf6 2.c4 e6 3.Nc3 Bb4 4.e3 b6 5.Ne2 Ba6 6.a3 Bxc3+ 7.Nxc3 d5 8.b3 O-O
9.Bd3 dxc4 10.bxc4 Nc6 11.Ne4 Na5 12.Qc2 Rc8 13.Bd2 Nxe4 14.Bxe4 f5 15.Bd3 Qg5
16.O-O Bb7 17.e4 Qg6 18.d5 exd5 19.exf5 Qg4 20.h3 Qh4 21.Bxa5 bxa5 22.Qb3 dxc4
23.Bxc4+ Kh8 24.g4 Bc6 25.Be6 Rb8 26.Qg3 Qxg3+ 27.fxg3 Rb2 28.Rf2 Rfb8 29.Rc1
Rxf2 30.Kxf2 Rb6 31.Ke3 h6 32.h4 a4 33.g5 a5 34.Rd1 Rb8 35.g4 Be8 36.gxh6 gxh6
37.g5 Bh5 38.Rd7 Rb3+ 39.Bxb3 axb3 40.Rxc7 Bg4 41.Kf4 {#r} 1-0

[Event "It (b)"]
[Site "masterchessopen.com Paris (France)"]
[Round "6"]
[White "Vareille Francois (FRA)"]
[Black "Arkell Keith C (ENG)"]
[Result "0-1"]
[WhiteElo "2430"]
[BlackElo "2470"]

1.d4 Nf6 2.c4 e6 3.Nc3 Bb4 4.e3 b6 5.Ne2 Ba6 6.a3 Be7 7.Nf4 d5 8.cxd5 Bxf1
9.Kxf1 Nxd5 10.Ncxd5 exd5 11.Qh5 Bg5 12.e4 Bxf4 13.Bxf4 Nc6 14.Qxd5 Qxd5
15.exd5 Ne7 16.Bxc7 Nxd5 17.Bg3 Rc8 18.Ke2 Rc2+ 19.Kd3 Rxb2 20.Rhe1+ Kd7
21.Re5 Rb5 22.Ke4 Re8 23.Rc1 Ra5 24.Rxe8 Nf6+ 25.Kf3 Nxe8 26.Rc3 Nf6 27.Bf4
Rf5 28.Rc7+ Kd8 29.Rxf7 g5 30.g3 a6 31.h4 gxf4 32.g4 Ke8 33.Rb7 Ra5 34.Kxf4
Nd7 35.h5 Rxa3 36.Ke4 b5 37.f4 Kd8 38.Kd5 Kc8 39.Ra7 Nf6+ 40.Kc6 Rc3+ 41.Kd6
Ne8+ 42.Ke7 Nc7 43.g5 b4 44.d5 Nxd5+ {#R} 0-1

[Event "Match \"]
[Site "masterchessopen.com Stockholm (Sweden)"]
[Round "0"]
[White "Norri Joose (FIN)"]
[Black "Sjoberg Mats (SWE)"]
[Result "1-0"]
[WhiteElo "2375"]
[BlackElo "2445"]

1.d4 Nf6 2.c4 e6 3.Nc3 Bb4 4.e3 b6 5.Ne2 Ba6 6.Ng3 Nc6 7.Bd2 h5 8.h4 Be7
9.Nge4 Ng4 10.Nb5 O-O 11.Be2 Bb7 12.Ng3 Nxf2 13.Kxf2 Bxh4 14.Bxh5 f5 15.Rh3 a6
16.Nc3 Qg5 17.Qh1 f4 18.exf4 Rxf4+ 19.Bxf4 Qxf4+ 20.Bf3 Qxd4+ 21.Kf1 g5 22.Rd1
Qxc4+ 23.Kg1 Rf8 24.Nge4 Ne5 25.Rxh4 gxh4 26.Qxh4 Nxf3+ 27.gxf3 Rf7 {#r} 1-0

[Event "It (open)"]
[Site "masterchessopen.com Decin (Czech Republic)"]
[Round "7"]
[White "Janda Zdenek (CZE)"]
[Black "Kozak Milos (CZE)"]
[Result "1-0"]
[WhiteElo "2115"]
[BlackElo "2300"]

1.d4 Nf6 2.c4 e6 3.Nc3 Bb4 4.e3 b6 5.Ne2 Ba6 6.a3 Be7 7.Nf4 d5 8.Qf3 c6 9.cxd5
cxd5 10.Bxa6 Nxa6 11.O-O O-O 12.Bd2 Qd7 13.Rad1 Qb7 14.Qe2 Nb8 15.f3 Nc6
16.Nd3 Rac8 17.f4 Ne4 18.f5 Nxc3 19.Bxc3 exf5 20.Rxf5 Qd7 21.Qf3 Rcd8 22.Rf1
f6 23.Rh5 g6 24.Rh3 f5 25.Qg3 Qe6 26.Qc7 Qd6 27.Qb7 Rd7 28.Qa6 Bf6 29.Qb5 Re8
30.Rg3 Bg7 31.Rc1 Bh6 32.Ne5 Nxe5 33.dxe5 Qe6 34.Bd4 f4 35.Rc6 Qe7 36.Rf3 fxe3
37.e6 Rdd8 38.Bf6 Qb7 39.Bxd8 Rxd8 40.Rf7 e2 41.Kf2 Qb8 42.Rcc7 Rf8 43.Qd7
{#r} 1-0

[Event "It (open)"]
[Site "masterchessopen.com Espoo (Finland)"]
[Round "0"]
[White "Norri Joose (FIN)"]
[Black "Tolonen Leo (FIN)"]
[Result "0-1"]
[WhiteElo "2375"]
[BlackElo "2330"]

1.c4 Nf6 2.Nc3 e6 3.d4 Bb4 4.e3 b6 5.Ne2 Ba6 6.Ng3 c5 7.d5 exd5 8.cxd5 Bxf1
9.Kxf1 Bxc3 10.bxc3 d6 11.c4 O-O 12.Bb2 Nbd7 13.f4 Re8 14.Qd3 b5 15.e4 bxc4
16.Qxc4 Rb8 17.Bc3 Nb6 18.Qd3 Na4 19.Re1 Nxc3 20.Qxc3 Rb4 21.Qf3 Qa5 22.h3
Qxa2 23.Kg1 Rb3 24.Qf2 Rb2 25.Qf3 c4 26.Kh2 Rb3 27.Re3 Rxe3 28.Qxe3 Nxd5
29.Qf3 Nf6 30.Re1 Qa5 31.Re2 g6 32.e5 dxe5 33.fxe5 Nd5 34.Ne4 c3 35.Nd6 Rf8
36.Rf2 f5 37.Qg3 Ne7 38.Rc2 Nc6 39.Nc4 Qc5 40.Qxc3 f4 41.Re2 Nd4 42.Rd2 Ne6
43.Rd6 f3 44.Qb3 fxg2 45.Rd1 Qf2 {#R} 0-1

[Event "Cup Glorney & Faber"]
[Site "masterchessopen.com Glenalmond (Scotland)"]
[Round "0"]
[White "Van Beek Lucien (NED)"]
[Black "Dyce Andrew (WLS)"]
[Result "0-1"]
[WhiteElo "2333"]
[BlackElo "2135"]

1.d4 Nf6 2.c4 e6 3.Nc3 Bb4 4.e3 b6 5.Ne2 Ba6 6.a3 Bxc3+ 7.Nxc3 d5 8.b3 O-O
9.Bd3 c5 10.dxc5 bxc5 11.O-O Nc6 12.cxd5 Bxd3 13.Qxd3 exd5 14.Rd1 d4 15.Na4
Qd5 16.exd4 cxd4 17.Bf4 Nh5 18.Bd2 Ne5 19.Qh3 Nf6 20.Rac1 d3 21.Nc5 Ne4
22.Nxe4 Qxe4 23.Re1 Qd5 24.Qe3 Ng6 25.Rc4 Rfd8 26.Bc3 h6 27.h3 Rac8 28.Rxc8
Rxc8 29.Ba1 d2 30.Rd1 Nh4 31.Qg3 Nf5 32.Qg4 Re8 33.Kh2 Re1 34.Bc3 Qd6+ 35.g3
Qd5 36.Rxe1 dxe1=Q 37.Bxe1 Nd4 38.Qc8+ Kh7 39.h4 Nf3+ 40.Kh3 Nxe1 {#R} 0-1

[Event "It (open)"]
[Site "masterchessopen.com Groningen (Netherlands)"]
[Round "4"]
[White "Pliester Leon (NED)"]
[Black "Tompa Janos (HUN)"]
[Result "0-1"]
[WhiteElo "2375"]
[BlackElo "2455"]

1.d4 Nf6 2.c4 e6 3.Nc3 Bb4 4.e3 b6 5.Ne2 Ba6 6.a3 Bxc3+ 7.Nxc3 d5 8.Qf3 O-O
9.cxd5 exd5 10.Bxa6 Nxa6 11.O-O Re8 12.b4 c6 13.Qe2 Nc7 14.f3 a5 15.b5 Ne6
16.Rd1 Rc8 17.Bb2 cxb5 18.Nxb5 Qd7 19.a4 Rc4 20.e4 Rec8 21.e5 Ne8 22.Rac1 Rxa4
23.Rxc8 Qxc8 24.Nc3 Rxd4 25.Nxd5 Rxd1+ 26.Qxd1 Qc5+ 27.Kh1 b5 28.f4 Qf2 29.Qc1
N8c7 30.Nxc7 Nxf4 31.Qg1 Qxb2 32.g3 Qxe5 {#R} 0-1